The Rise of Asian Paints (Record no. 46480)

MARC details
000 -LEADER
fixed length control field 00396nam a22001697a 4500
005 - DATE AND TIME OF LATEST TRANSACTION
control field 20250825153526.0
008 - FIXED-LENGTH DATA ELEMENTS--GENERAL INFORMATION
fixed length control field 250825b |||||||| |||| 00| 0 eng d
020 ## - INTERNATIONAL STANDARD BOOK NUMBER
International Standard Book Number 9780670097982
041 ## - LANGUAGE CODE
Language code of text/sound track or separate title eng
082 ## - DEWEY DECIMAL CLASSIFICATION NUMBER
Classification number 920GUP
100 ## - MAIN ENTRY--PERSONAL NAME
Author Gupta,Anupam
245 ## - TITLE STATEMENT
Title The Rise of Asian Paints
260 ## - PUBLICATION, DISTRIBUTION, ETC.
Place Haryana
Publisher Penguin
Publication Year 2024
300 ## - PHYSICAL DESCRIPTION
Extent 234;.p. 23 cm
650 ## - SUBJECT ADDED ENTRY--TOPICAL TERM
Subject Biography
942 ## - ADDED ENTRY ELEMENTS (KOHA)
Koha item type Books
Holdings
Withdrawn status Lost status Source of classification or shelving scheme Damaged status Not for loan Home library Current library Shelving location Accession Date Vendor Price Bill number Total Checkouts Full call number Barcode No Date last seen Bill Date Koha item type Suggested By
    Dewey Decimal Classification     IMTN IMTN Rack 41-B 08/25/2025 Amazon.in 456.72 DEL4-2067739   920 GUP 33945 08/25/2025 08/01/2025 Books Faculty Purchase By Dr. Abhishek N Singh
Designed & Maintained by: LRC IMT Nagpur Contact: lrc@imtnag.ac.in© 2024. All Rights Reserved.